La liaison dans la parole spontanée familière : une étude sur grand corpus (notice n° 1650945)

détails MARC
000 -LEADER
fixed length control field 02586cam a2200313 4500500
005 - DATE AND TIME OF LATEST TRANSACTION
control field 20260208005206.0
041 ## - LANGUAGE CODE
Language code of text/sound track or separate title fre
042 ## - AUTHENTICATION CODE
Authentication code dc
100 10 - MAIN ENTRY--PERSONAL NAME
Personal name Adda-Decker, Martine
Relator term author
245 00 - TITLE STATEMENT
Title La liaison dans la parole spontanée familière : une étude sur grand corpus
260 ## - PUBLICATION, DISTRIBUTION, ETC.
Date of publication, distribution, etc. 2012.<br/>
500 ## - GENERAL NOTE
General note 22
520 ## - SUMMARY, ETC.
Summary, etc. RésuméCet article porte sur la liaison dans un parler spontané familier. Partant du constat que, dans la parole familière, les prononciations s’écartent souvent de leur forme canonique du fait d’un taux de réduction temporelle élevé, nous faisons l’hypothèse que le nombre de liaisons réalisées se trouve diminué dans ce type de parole. Notre étude repose sur une exploration du corpus NCCFr (Nijmegen Corpus of Casual French) à partir de techniques automatiques comme l’alignement automatique. Les taux de réalisation sont mesurés pour les consonnes de liaison les plus fréquentes (/z/, /n/ et /t/) dans des sites de liaison potentielle classés selon que la liaison y est obligatoire, facultative ou interdite. Nous proposons également une étude sur les relations entre le débit de parole et la réalisation des liaisons.
520 ## - SUMMARY, ETC.
Summary, etc. In this paper, the realisation of the French Liaison is investigated in a large corpus of casual speech. Considering that casual speech gives rise to a large range of pronunciation variants and that overall temporal reduction increases, one may hypothesize that French liaison tends to be less productive in this speaking style. We made use of automatic processing such as automatic speech alignments to evaluate when liaison is realized in the NCCFr corpus. Realized liaisons were examined and measured for the most frequent liaison consonants (/z/, /n/ and /t/) as a function of a liaison sites classified as mandatory, optional or forbidden. The relation between speech rate and liaison realization is also examined.
690 ## - LOCAL SUBJECT ADDED ENTRY--TOPICAL TERM (OCLC, RLIN)
Topical term or geographic name as entry element alignement automatique
690 ## - LOCAL SUBJECT ADDED ENTRY--TOPICAL TERM (OCLC, RLIN)
Topical term or geographic name as entry element débit
690 ## - LOCAL SUBJECT ADDED ENTRY--TOPICAL TERM (OCLC, RLIN)
Topical term or geographic name as entry element liaison
690 ## - LOCAL SUBJECT ADDED ENTRY--TOPICAL TERM (OCLC, RLIN)
Topical term or geographic name as entry element parler spontané familier
690 ## - LOCAL SUBJECT ADDED ENTRY--TOPICAL TERM (OCLC, RLIN)
Topical term or geographic name as entry element automatic speech alignment
690 ## - LOCAL SUBJECT ADDED ENTRY--TOPICAL TERM (OCLC, RLIN)
Topical term or geographic name as entry element casual speech
690 ## - LOCAL SUBJECT ADDED ENTRY--TOPICAL TERM (OCLC, RLIN)
Topical term or geographic name as entry element french liaison
690 ## - LOCAL SUBJECT ADDED ENTRY--TOPICAL TERM (OCLC, RLIN)
Topical term or geographic name as entry element speech rate
700 10 - ADDED ENTRY--PERSONAL NAME
Personal name Fougeron, Cécile
Relator term author
700 10 - ADDED ENTRY--PERSONAL NAME
Personal name Gendrot, Cédric
Relator term author
700 10 - ADDED ENTRY--PERSONAL NAME
Personal name Delais-Roussarie, Elisabeth
Relator term author
700 10 - ADDED ENTRY--PERSONAL NAME
Personal name Lamel, Lori
Relator term author
786 0# - DATA SOURCE ENTRY
Note Revue française de linguistique appliquée | XVII | 1 | 2012-06-01 | p. 113-128 | 1386-1204
856 41 - ELECTRONIC LOCATION AND ACCESS
Uniform Resource Identifier <a href="https://shs.cairn.info/revue-francaise-de-linguistique-appliquee-2012-1-page-113?lang=fr&redirect-ssocas=7080">https://shs.cairn.info/revue-francaise-de-linguistique-appliquee-2012-1-page-113?lang=fr&redirect-ssocas=7080</a>

Pas d'exemplaire disponible.

PLUDOC

PLUDOC est la plateforme unique et centralisée de gestion des bibliothèques physiques et numériques de Guinée administré par le CEDUST. Elle est la plus grande base de données de ressources documentaires pour les Étudiants, Enseignants chercheurs et Chercheurs de Guinée.

Adresse

627 919 101/664 919 101

25 boulevard du commerce
Kaloum, Conakry, Guinée

Réseaux sociaux

Powered by Netsen Group @ 2025